Statistics for Brady Bunch Trivia Quiz #2

Click here to take the quiz!

General Stats

  • This quiz has been taken 141 times
  • The average score is 8 of 20

Answer Stats

HintAnswer% Correct
Which Brady wrote the letter to make Mike father of the year?Marcia
94%
What role did Marcia play in her school's production of "Romeo and Juliet"?Juliet
88%
In what state do the Bradys live?California
77%
Which Brady gets onto a quiz show in which kids from various schools compete?Cindy
77%
A song that the Brady kids sang: "When it's time to change, you've got to _____."Rearrange
69%
What role did Peter play in his school play about George Washington?Benedict Arnold
67%
Which of the seven dwarves does everyone want to play in "Snow White and the Seven Bradys"?Dopey
61%
When Bobby was the safety moniter at his school, what did he have to break a rule to rescue?Cat
49%
What does little Cindy ask Santa Claus for Christmas in Season 1?Carol's voice
43%
What role did Cindy play in her school play in "Eenie, Meenie, Mommy, Daddy"?Fairy Princess
30%
What huge gift does Mr. Phillips give to Mike in the 5th season?Pool table
22%
Who is the girl who ends up with frogs in her pizza at the drive-in movie on a date with Greg?Rachel
17%
In the beginning of the episode "Try, Try Again," Jan is not chosen to be in the ______ concert.Ballet
13%
What is the last name of the Bradys' friends who adopt Matt, Dwayne, and Steve?Kelly
13%
What is the last name of Peter's Italian boss at the bike shop?Martinelli
10%
A few times, the Bradys mention "that creep ____ _____." Who is the creep?Felix Brown
9%
Who is the little girl whom Peter saves in the toy shop?Tina
8%
What is the last name of Marcia's boss at the ice cream parlor?Haskel
7%
What is the name of the episode in which Peter becomes a sunflower girl?The Liberation of Marcia Brady
7%
What is the name of the groovy song that Greg plays for the Banana Convention in season 2?Clowns Never Laughed Before
4%

Score Distribution

Percentile by Number Answered

Percent of People with Each Score

Your Score History

You have not taken this quiz